| 000 | 00524 a2200169 4500 | ||
|---|---|---|---|
| 003 | Nust | ||
| 005 | 20170207164906.0 | ||
| 040 | _cNust | ||
| 082 | _a005.1 | ||
| 100 | _aKhan, Ahmed Mansoor (MSCS-17) | ||
| 245 |
_aStudy and implementation of efficient algorithms for collective communication operation for message passing in Java _cMAnsoor Ahmed Khan |
||
| 260 |
_aRawalpindi _bNUST,MCS _cApril,2014 |
||
| 300 | _axiii,70p | ||
| 538 | _aAlmirah No,72 Shelf No,6 | ||
| 650 | _acollentive communication operation | ||
| 651 | _aMSCS-17 | ||
| 942 | _cTHS | ||
| 999 |
_c210249 _d210249 |
||